[Event "Sochi"]
[Site "Sochi"]
[Date "1985.??.??"]
[Round "?"]
[White "Vera, Reynaldo"]
[Black "Lputian, Smbat G"]
[Result "1/2-1/2"]
[WhiteElo "2480"]
[BlackElo "2530"]

1.d4 Nf6 2.c4 e6 3.Nc3 d5 4.cxd5 exd5 5.Bg5 Be7 6.e3 O-O 7.Bd3 Nbd7 8.Nf3 Re8
9.O-O c6 10.Qc2 Nf8 11.Bxf6 Bxf6 12.b4 a6 13.Na4 g6 14.Nc5 Qd6 15.Rab1 b6
16.Nb3 Nd7 17.Rfc1 Bb7 18.a4 Bd8 19.a5 b5 20.Nc5 Nxc5 21.Qxc5 Bc7 22.Qxd6 Bxd6
23.Bf1 Re7 24.g3 Kg7 25.Ne1 f5 26.Nd3 Rae8 27.Bg2 g5 28.Bf3 Kg6 29.Rc2 Rc8
30.Rbc1 Ree8 31.g4 Kf6 32.gxf5 g4 33.Bg2 Kxf5 34.Re1 Rc7 35.Nc5 Bxc5 36.Rxc5 Rf7
37.e4+ Kf4 38.e5 h5 39.Rc3 Kg5 40.Rd1 Rc8 41.Rd2 Rf4 42.h3 Rcf8 43.Rg3 Bc8
44.hxg4 hxg4 45.Rc3 Bb7 46.Rc1  1/2-1/2

[Event "Sochi"]
[Site "Sochi"]
[Date "1985.??.??"]
[Round "?"]
[White "Eingorn, Vereslav S"]
[Black "Lputian, Smbat G"]
[Result "1/2-1/2"]
[WhiteElo "2525"]
[BlackElo "2530"]

1.d4 d5 2.c4 e6 3.Nf3 Nf6 4.Bg5 Be7 5.e3 h6 6.Bh4 O-O 7.Nc3 b6 8.Be2 Bb7
9.Bxf6 Bxf6 10.cxd5 exd5 11.b4 c5 12.bxc5 bxc5 13.Rb1 Bc6 14.O-O Nd7 15.Bb5 Qc7
16.Qd3 Rfc8 17.Rfd1 Bxb5 18.Rxb5 Qc6 19.Qf5 cxd4 20.Nxd5 dxe3 21.fxe3 Qe6
22.Qf4 Be5 23.Qh4 Re8 24.Nxe5 Qxe5 25.Qf4  1/2-1/2

[Event "Sochi"]
[Site "Sochi"]
[Date "1985.??.??"]
[Round "?"]
[White "Lputian, Smbat G"]
[Black "Psakhis, Lev"]
[Result "1-0"]
[WhiteElo "2530"]
[BlackElo "2555"]

1.d4 e6 2.e4 d5 3.Nc3 Bb4 4.e5 b6 5.Qg4 Bf8 6.Bg5 Qd7 7.f4 Nc6 8.O-O-O Nge7
9.Nge2 Bb7 10.Ng3 h6 11.Bxe7 Nxe7 12.h4 O-O-O 13.Bb5 c6 14.Bd3 Kb8 15.Rhf1 f5
16.exf6 gxf6 17.Qe2 Qd6 18.Rde1 Bc8 19.Ba6 Bxa6 20.Qxa6 Ng6 21.Nh5 Nxh4 22.Qe2 Nf5
23.Qxe6 Qxe6 24.Rxe6 Nxd4 25.Rxf6 b5 26.Kd2 Be7 27.Rf7 Bc5 28.Kd3 a5 29.a4 b4
30.Ne2 Nxe2 31.Kxe2 Bd4 32.c3 Bc5 33.Kd2 d4 34.c4 d3 35.Nf6 Bd4 36.Rf3 Bxb2
37.Nd7+ Kc8 38.Rxd3 Rhg8 39.g3 c5 40.Rd6 Bc3+ 41.Kc2 Bd4 42.Rc6+ Kb7 43.Ne5+ Kb8
44.Rb6+ Kc8 45.Nc6 Rd7 46.Rb8+ Kc7 47.Rxd7+ Kxc6 48.Rxg8  1-0

[Event "Sochi"]
[Site "Sochi"]
[Date "1985.??.??"]
[Round "?"]
[White "Horvath, Jozsef"]
[Black "Lputian, Smbat G"]
[Result "0-1"]
[WhiteElo "2520"]
[BlackElo "2530"]

1.d4 e6 2.e4 d5 3.Nc3 Bb4 4.e5 c5 5.a3 Ba5 6.b4 cxd4 7.Nb5 Bc7 8.Nf3 Nc6
9.Bf4 Nge7 10.Nxc7+ Qxc7 11.Bd3 Ng6 12.Bg3 a5 13.h4 axb4 14.axb4 Rxa1 15.Qxa1 O-O
16.O-O Nxb4 17.h5 Ne7 18.h6 gxh6 19.Qc1 Nxd3 20.Qxh6 Nb4 21.Rd1 Qxc2 22.Rxd4 Qg6
23.Qh3 Qb1+ 24.Kh2 f5 25.Rxb4 Qxb4 26.Ng5 Rf7 27.Qh5 Ng6 28.Nxf7 Qe7 29.Nh6+ Kg7
30.f4 Bd7  0-1

[Event "Sochi"]
[Site "Sochi"]
[Date "1985.??.??"]
[Round "?"]
[White "Lputian, Smbat G"]
[Black "Tseitlin, Mikhail S"]
[Result "1-0"]
[WhiteElo "2530"]
[BlackElo "2445"]

1.d4 f5 2.Bg5 h6 3.Bh4 g5 4.Bg3 Bg7 5.e3 d6 6.h4 g4 7.Nc3 e5 8.dxe5 dxe5
9.Qxd8+ Kxd8 10.O-O-O+ Bd7 11.Bc4 c6 12.Rd6 Ne7 13.Nge2 b5 14.Bb3 h5 15.Rhd1 a5
16.f4 e4 17.Nd4 Bxd4 18.R6xd4 c5 19.Rxd7+ Nxd7 20.Be6 Ra7 21.Nxb5 Rh6 22.Nxa7 Rxe6
23.a4 Ng6 24.Be1 Ra6 25.Nb5 Ne7 26.Nd6 Kc7 27.Nc4 Nc6 28.b3 Ra8 29.Rd5 Ne7
30.Rd6  1-0

[Event "Hastings8687"]
[Site "Hastings"]
[Date "1986.??.??"]
[Round "?"]
[White "Kudrin, Sergey"]
[Black "Lputian, Smbat G"]
[Result "1/2-1/2"]
[WhiteElo "2495"]
[BlackElo "2520"]

1.e4 e6 2.d4 d5 3.Nd2 c5 4.exd5 exd5 5.Ngf3 Nc6 6.Bb5 Bd6 7.dxc5 Bxc5 8.O-O Ne7
9.Nb3 Bd6 10.Bg5 O-O 11.Re1 Bg4 12.Be2 h6 13.Bxe7 Bxe7 14.h3 Be6 15.c3 Qb6  1/2-1/2

[Event "URS-FL"]
[Site "Irkutsk"]
[Date "1986.??.??"]
[Round "?"]
[White "Lputian, Smbat G"]
[Black "Dokhoian, Yury"]
[Result "1-0"]
[WhiteElo "2520"]
[BlackElo "2450"]

1.d4 d5 2.Nf3 Nf6 3.c4 c6 4.Nc3 dxc4 5.a4 Bf5 6.e3 e6 7.Bxc4 Bb4 8.O-O Nbd7
9.Nh4 Bg6 10.f4 Nd5 11.Qe1 Be7 12.Nxg6 hxg6 13.a5 a6 14.e4 Nb4 15.Qd1 Qc7
16.Qb3 O-O-O 17.Be3 g5 18.h3 gxf4 19.Bxf4 e5 20.Bg3 Bd6 21.Na4 f6 22.Be6 Kb8
23.Bxd7 Rxd7 24.Nb6 Rdd8 25.Nc4 c5 26.dxe5 fxe5 27.Nxd6 Qxd6 28.Rad1 Qg6
29.Bxe5+ Ka8 30.Qc4 Nc6 31.Rxd8+ Rxd8 32.Qxc5 Nxe5 33.Qxe5 Re8 34.Qd4 Qg5
35.b4 Qb5 36.Rf7 Qc6 37.e5 g5 38.Rd7 Qc1+ 39.Kh2 Qc8 40.Qd6 g4  1-0

[Event "URS-FL"]
[Site "Irkutsk"]
[Date "1986.??.??"]
[Round "?"]
[White "Lputian, Smbat G"]
[Black "Pigusov, Evgeny"]
[Result "1-0"]
[WhiteElo "2520"]
[BlackElo "2500"]

1.d4 Nf6 2.c4 e6 3.Nf3 c5 4.d5 exd5 5.cxd5 d6 6.Nc3 g6 7.Bf4 a6 8.a4 Qe7
9.Nd2 Nh5 10.Be3 f5 11.Nc4 Nd7 12.Qd2 Ne5 13.Nb6 Rb8 14.Bg5 Nd3+ 15.Qxd3 Qxg5
16.g3 Bg7 17.Bg2 O-O 18.O-O f4 19.Ne4 Qe7 20.Nxc8 Rbxc8 21.Rab1 Rc7 22.a5 Qe5
23.Qc3 Qe7 24.Qc4 Bh6 25.b4 Nf6 26.bxc5 Nxe4 27.Qxe4 Qxe4 28.Bxe4 Rxc5 29.Rxb7 Rxa5
30.Rd7 Rf6 31.Rb1 Rb5 32.Rxb5 axb5 33.Rb7 Bg7 34.Rxb5 Rf8 35.Bf3 Be5 36.Bg4 g5
37.Rb7 Bd4 38.Be6+ Kh8 39.g4 h6 40.Bf5 Re8 41.Kf1 Kg8 42.Be6+ Kh8 43.Rd7 Be5
44.Kg2 Ra8 45.Kf3 Ra4 46.h4 Rb4 47.h5 Ra4 48.Re7 Bf6 49.Re8+ Kh7 50.Rf8 Be5
51.Rf7+ Kh8 52.Bf5 Bg7 53.Rc7 Bf8 54.Be6 Rb4 55.Bf5 Ra4 56.Bd3 Rd4 57.Bc4 Kg8
58.e3 fxe3 59.fxe3 Rd2 60.Bb5 Rb2 61.Bd3 Rb4 62.Bh7+ Kh8 63.Bf5 Ra4 64.Bd3 Rb4
65.Bc4 Rb2 66.Ke4 Rf2 67.Bb5 Kg8 68.Bd7 Rf1 69.Be6+ Kh8 70.Rd7 Rf2 71.Kd3 Rf1
72.Kc4 Rb1 73.e4 Rb6 74.Bf5 Kg8 75.Bh7+ Kh8 76.Bg6 Kg8 77.Bf5 Kh8 78.Be6 Rb8
79.Rc7 Rb1 80.Rf7 Rb8 81.Rf6 Bg7 82.Rg6 Rf8 83.e5 Rf4+ 84.Kb5 dxe5 85.d6 Rd4
86.Kc6 e4  1-0

[Event "URS-FL"]
[Site "Irkutsk"]
[Date "1986.??.??"]
[Round "?"]
[White "Lputian, Smbat G"]
[Black "Psakhis, Lev"]
[Result "1/2-1/2"]
[WhiteElo "2520"]
[BlackElo "2555"]

1.Nf3 Nf6 2.c4 e6 3.g3 b6 4.Bg2 Bb7 5.O-O Be7 6.d4 O-O 7.Nc3 Ne4 8.Nxe4 Bxe4
9.Ne1 Bxg2 10.Nxg2 d5 11.cxd5 Qxd5 12.Bf4 c5 13.dxc5 Qxd1 14.Rfxd1 Bxc5 15.a3 a5
16.Bd6 Rc8  1/2-1/2

[Event "URS-FL"]
[Site "Irkutsk"]
[Date "1986.??.??"]
[Round "?"]
[White "Lputian, Smbat G"]
[Black "Razuvaev, Yuri S"]
[Result "1-0"]
[WhiteElo "2520"]
[BlackElo "2535"]

1.d4 Nf6 2.c4 e6 3.Nf3 b6 4.Nc3 Bb4 5.Bg5 Bb7 6.e3 h6 7.Bh4 c5 8.dxc5 Bxc5
9.Be2 Be7 10.O-O O-O 11.Nd4 a6 12.Bf3 Qc7 13.Rc1 Bxf3 14.Qxf3 Nc6 15.Bg3 Ne5
16.Qe2 Rfc8 17.b3 d6 18.f4 Nc6 19.f5 Nxd4 20.exd4 exf5 21.Rxf5 b5 22.Bh4 Re8
23.Bxf6 Bxf6 24.Qf2 Bg5 25.Nd5 Qa7 26.Rf1 Re4 27.c5 f6 28.Kh1 dxc5 29.dxc5 Rae8
30.c6 Qxf2 31.R1xf2 Rc8 32.c7 Kf7 33.g4 Ke8 34.Rc2 Re1+ 35.Kg2 Rc1 36.Re2+ Kd7
37.Ne7 Re8 38.c8=Q+ Rcxc8 39.Rd5+ Kc7 40.Rc2+  1-0

[Event "URS-FL"]
[Site "Irkutsk"]
[Date "1986.??.??"]
[Round "?"]
[White "Lputian, Smbat G"]
[Black "Serper, Grigory"]
[Result "1-0"]
[WhiteElo "2520"]
[BlackElo "2200"]

1.d4 Nf6 2.c4 c6 3.Nc3 d6 4.Bg5 Nbd7 5.e3 g6 6.Be2 Bg7 7.Qc2 a6 8.Nf3 h6
9.Bh4 g5 10.Bg3 Nh5 11.h4 Nxg3 12.fxg3 g4 13.Ng1 h5 14.Bd3 Nf6 15.Qf2 e6
16.Nge2 Qe7 17.O-O Bd7 18.Rae1 Kf8 19.b4 Kg8 20.e4 e5 21.d5 Kh7 22.Nd4 exd4
23.e5+ Kg8 24.exf6 Qxf6 25.Qxf6 Bxf6 26.Rxf6 dxc3 27.Rxd6 Be8 28.Rc1 a5 29.dxc6 bxc6
30.b5 cxb5 31.cxb5 Rc8 32.b6 Kg7 33.b7 Rb8 34.Ba6  1-0

[Event "URS-FL"]
[Site "Irkutsk"]
[Date "1986.??.??"]
[Round "?"]
[White "Dolmatov, Sergey"]
[Black "Lputian, Smbat G"]
[Result "1/2-1/2"]
[WhiteElo "2510"]
[BlackElo "2520"]

1.e4 e6 2.d4 d5 3.Nc3 Bb4 4.e5 c5 5.a3 Ba5 6.b4 cxd4 7.Qg4 Ne7 8.bxa5 dxc3
9.Qxg7 Rg8 10.Qxh7 Nbc6 11.f4 Qxa5 12.Rb1 Bd7 13.Rxb7 Nd4 14.Qd3 Nef5 15.Nf3 Qc5
16.Nxd4 Nxd4 17.Qh7 Rf8 18.Bd3 Bc6 19.Rb1 O-O-O 20.Kd1 Nf5 21.Bxf5 exf5 22.Qxf5+ Kc7
23.e6 Qd4+ 24.Qd3 Qxd3+ 25.cxd3 d4 26.Rb4 fxe6 27.Re1 Bxg2 28.Kc2 Bf3 29.Rxe6 Rh8
30.f5 Rxh2+ 31.Kb1 Rh1 32.f6 Rf1 33.Re7+ Kc6 34.f7 Bh5 35.Re8 Rxe8 36.fxe8=Q+ Bxe8
37.Rxd4 Bf7 38.Kc2 a5 39.a4 Bd5 40.Bf4 Ra1 41.Kxc3  1/2-1/2

[Event "URS-FL"]
[Site "Irkutsk"]
[Date "1986.??.??"]
[Round "?"]
[White "Timoshchenko, Gennadi A"]
[Black "Lputian, Smbat G"]
[Result "1/2-1/2"]
[WhiteElo "2475"]
[BlackElo "2520"]

1.d4 Nf6 2.c4 g6 3.Nc3 d5 4.Nf3 Bg7 5.Qa4+ Bd7 6.Qb3 dxc4 7.Qxc4 O-O 8.e4 Bg4
9.Be3 Nfd7 10.Be2 Nb6 11.Qc5 Bxf3 12.gxf3 Na6 13.Bxa6 bxa6 14.h4 Nd7 15.Qc6 Rb8
16.O-O-O Nb6 17.h5 Qd6 18.Qxd6 cxd6 19.b3 a5 20.Kd2 a4 21.bxa4 f5 22.Kd3 f4
23.Bd2 e5 24.d5 gxh5 25.Rxh5 a6 26.Rhh1 Rf7 27.Rb1 Rfb7 28.a5 Nd7 29.Rxb7 Rxb7
30.Rb1 Nc5+ 31.Ke2 Bf6 32.Rxb7 Nxb7 33.Nb5 Bd8 34.Bb4 axb5 35.a6 Bb6 36.axb7 Bc7
37.Ba5 Bb8 38.Kf1 Kf7 39.Kg2 Kg6 40.Kh3 h5 41.Bd8  1/2-1/2

[Event "URS-FL"]
[Site "Irkutsk"]
[Date "1986.??.??"]
[Round "?"]
[White "Romanishin, Oleg M"]
[Black "Lputian, Smbat G"]
[Result "0-1"]
[WhiteElo "2560"]
[BlackElo "2520"]

1.c4 e6 2.g3 d5 3.Bg2 dxc4 4.Qa4+ Nd7 5.Qxc4 c5 6.Qb3 Rb8 7.Nf3 Ngf6 8.d3 Bd6
9.Nc3 a6 10.O-O b5 11.Ng5 Qb6 12.Nce4 Nxe4 13.Nxe4 O-O 14.Be3 Bb7 15.Rfc1 Rfc8
16.Nxd6 Qxd6 17.Bxb7 Rxb7 18.Rc2 h5 19.h4 Qd5 20.Rac1 Rbc7 21.Rc3 Qf5 22.a4 b4
23.R3c2 Qh3 24.Qc4 Nf6 25.Qf4 b3 26.Rd2 c4 27.Qf3 c3 28.bxc3 Rxc3 29.Rxc3 Rxc3
30.Rb2 e5 31.Qa8+ Kh7 32.Qf3 Qd7 33.Bg5 e4 34.Qe3 exd3 35.Bxf6 gxf6 36.exd3 Rxd3
37.Qe4+ f5 38.Qe2 Kg6 39.Kh2 Qd5 40.Qe8 Kg7 41.Rb1 Qd4 42.Kh3 Qxf2 43.Qe5+ Kh7
44.Qc7 Kg6 45.Qb8 Rd2 46.Qg8+ Kf6  0-1

[Event "Lvov Int"]
[Site "Lvov"]
[Date "1986.??.??"]
[Round "?"]
[White "Przewoznik, Jan"]
[Black "Lputian, Smbat G"]
[Result "1/2-1/2"]
[WhiteElo "2420"]
[BlackElo "2520"]

1.e4 e6 2.d4 d5 3.Nd2 c5 4.exd5 exd5 5.Ngf3 Nc6 6.Bb5 Bd6 7.dxc5 Bxc5 8.O-O Ne7
9.Nb3 Bd6 10.Re1 O-O 11.Bg5 Bg4 12.Bh4 Re8 13.Bg3 Bxg3 14.hxg3 Qb6 15.Bd3 a5
16.a4 Nf5 17.Rxe8+ Rxe8 18.Bxf5 Bxf5 19.Qd2 h6 20.Re1 Rxe1+ 21.Nxe1 d4 22.Nd3 Qa6
23.Nbc5 Qc4 24.b3 Qc3 25.Qe2 b6 26.Qe8+ Kh7 27.Nd7 Bxd7 28.Qxd7 Qxc2 29.Qf5+ Kg8
30.Qc8+  1/2-1/2

[Event "Lvov Int"]
[Site "Lvov"]
[Date "1986.??.??"]
[Round "?"]
[White "Malaniuk, Vladimir P"]
[Black "Lputian, Smbat G"]
[Result "1/2-1/2"]
[WhiteElo "2495"]
[BlackElo "2520"]

1.e4 e6 2.d4 d5 3.Nc3 Nf6 4.e5 Nfd7 5.f4 c5 6.Nf3 Nc6 7.Be3 Qb6 8.Na4 Qa5+
9.c3 cxd4 10.b4 Nxb4 11.cxb4 Bxb4+ 12.Bd2 Bxd2+ 13.Nxd2 b6 14.Rb1 Ba6 15.Bxa6 Qxa6
16.Qb3 Rc8 17.Qb4 Qd3 18.Rb3 Qa6 19.Kd1 Nc5 20.Nxc5 bxc5 21.Qb7 Qxb7 22.Rxb7 O-O
23.Kc2 f6 24.Nf3 fxe5 25.fxe5 h6 26.Rhb1 Rf4 27.h3 Re4 28.Re1 Rf8 29.Kd2 d3
30.Rbb1 Ra4 31.Kxd3 Rxa2 32.Re2 Ra3+ 33.Kc2 Rf4 34.Rb3 Ra2+ 35.Rb2 Ra3 36.Rb3 Ra2+
37.Rb2 Ra3  1/2-1/2

[Event "Lvov Int"]
[Site "Lvov"]
[Date "1986.??.??"]
[Round "?"]
[White "Mikhalchishin, Adrian"]
[Black "Lputian, Smbat G"]
[Result "0-1"]
[WhiteElo "2525"]
[BlackElo "2520"]

1.d4 e6 2.Nf3 d5 3.c4 Nf6 4.Nc3 Be7 5.Bg5 h6 6.Bxf6 Bxf6 7.e3 O-O 8.Rc1 a6
9.Bd3 dxc4 10.Bxc4 Nd7 11.O-O b5 12.Be2 Bb7 13.Qc2 c5 14.dxc5 Nxc5 15.Nxb5 axb5
16.Qxc5 Rxa2 17.Rc2 Be4 18.Rd2 Qa8 19.Qxb5 Rb8 20.Qc4 Bd5 21.Qf4 Rbxb2 22.Rxb2 Rxb2
23.Bc4 Be4 24.Rc1 Qc6 25.Ne5 Bxe5 26.Qxe5 Rb7 27.Qc3 Rc7 28.g4 Rc8 29.h4 Bf3
30.Rc2 Qe4 31.Qd4 Qxc2  0-1

[Event "Yerevan"]
[Site "Yerevan"]
[Date "1986.??.??"]
[Round "?"]
[White "Grigorian, Karen Ashotovich"]
[Black "Lputian, Smbat G"]
[Result "1-0"]
[WhiteElo "2405"]
[BlackElo "2520"]

1.d4 Nf6 2.c4 d6 3.Nc3 Nbd7 4.Nf3 c6 5.e4 e5 6.Be2 Be7 7.O-O O-O 8.Re1 a6
9.Bf1 b5 10.a3 Bb7 11.Bg5 Re8 12.Rc1 h6 13.Bh4 Qb8 14.b4 Bd8 15.Qb3 Qa7 16.dxe5 dxe5
17.Rcd1 Nf8 18.a4 Ng4 19.Bg3 bxa4 20.Nxa4 Bc7 21.Rd2 Bc8 22.Ra1 Nf6 23.Nc3 Qb7
24.c5 Nh5 25.Bc4 Be6 26.Nd5 Nxg3 27.hxg3 Nd7 28.Rxa6 Rxa6 29.Bxa6 Qxa6 30.Nxc7 Bxb3
31.Nxa6 Nf6 32.b5 cxb5 33.c6 Nxe4 34.Re2 Nd6 35.c7 f6 36.Rd2 Nc8 37.Nh4 Be6
38.Nc5 Kf7 39.Rd8 b4 40.Nxe6 b3 41.Nc5 b2 42.Rd1 Re7 43.Na4 Rxc7 44.Nxb2 Ne7
45.g4 Rc2 46.Rd7 Ke6 47.Rb7 e4 48.Rb5 g6 49.g3 Rc1+ 50.Kg2 Kf7 51.Rb4 Rb1
52.Nd3 Rd1 53.Nc5 f5 54.gxf5 gxf5 55.Rb7 Rd5 56.Rc7  1-0

[Event "Yerevan"]
[Site "Yerevan"]
[Date "1986.??.??"]
[Round "?"]
[White "Lputian, Smbat G"]
[Black "Petrosian, Arshak B"]
[Result "1-0"]
[WhiteElo "2545"]
[BlackElo "2495"]

1.d4 d5 2.c4 e6 3.Nc3 Be7 4.cxd5 exd5 5.Bf4 c6 6.e3 Nf6 7.Bd3 Nbd7 8.h3 Nf8
9.Nf3 Ng6 10.Bg3 Bd6 11.Ne5 Qc7 12.f4 Ne7 13.Qc2 Nh5 14.Bf2 g6 15.g4 Ng7
16.Bh4 O-O 17.O-O-O f6 18.Nf3 Bd7 19.Kb1 Kh8 20.Qg2 c5 21.dxc5 Qxc5 22.Bf2 Qa5
23.h4 Nc6 24.Bxg6 d4 25.Nxd4 hxg6 26.Ndb5 Ne5 27.fxe5 Bc6 28.e4 Bxe5 29.Nd4 Rae8
30.h5 g5 31.Qf3 Ne6 32.Qf5 Nxd4 33.Bxd4 Qb4 34.Qf2 Bxd4 35.Rxd4 Qc5 36.Rf1 Qe5
37.Nd5 Rd8 38.Rfd1 Rd6 39.Nc3 Rfd8 40.Rxd6 Rxd6 41.Rxd6 Qxd6 42.Qf5 Qd4 43.a3 Bd7
44.Qg6 Be6 45.Ka1 Qd8 46.e5 Bxg4 47.h6 Qd7 48.exf6 Be6 49.Qxg5 Kh7 50.b4 Qc7
51.Ne4 Qd7 52.Nd6 Qc7 53.Kb2 Qd7 54.f7  1-0

[Event "Yerevan"]
[Site "Yerevan"]
[Date "1986.??.??"]
[Round "?"]
[White "Donchev, Dimitar I"]
[Black "Lputian, Smbat G"]
[Result "1-0"]
[WhiteElo "2440"]
[BlackElo "2545"]

1.d4 e6 2.c4 d5 3.Nf3 Nf6 4.Nc3 Be7 5.Bg5 h6 6.Bxf6 Bxf6 7.e3 O-O 8.Qd2 a6
9.Rc1 Nc6 10.Be2 dxc4 11.Bxc4 e5 12.d5 Na7 13.O-O Nb5 14.Ne4 Nd6 15.Nxf6+ Qxf6
16.Qc3 Re8 17.Be2 Re7 18.Rfd1 Bg4 19.h3 Bxf3 20.Bxf3 Qh4 21.Rc2 f5 22.Rdc1 Rf8
23.Qa5 e4 24.Be2 f4 25.Bg4 fxe3 26.fxe3 Kh7 27.Qe1 Qxe1+ 28.Rxe1 Kg6 29.Rec1 h5
30.Be6 c6 31.Rd2 Rd8 32.g4 h4 33.Rf2 cxd5 34.Bxd5 Ne8 35.Rd1 Rd6 36.Rd4 Kh6
37.Rxe4 Rxe4 38.Bxe4 b6 39.Rf5 g6 40.Re5 Rd1+ 41.Kf2 Nd6 42.Ke2 Rg1 43.Bd3 Rg2+
44.Ke1 Nf7 45.Re6 Nh8 46.Rxb6 Rg3 47.Bc4 Rxe3+ 48.Kf2 Rxh3 49.Rb8 Rh2+ 50.Ke3 Kg5
51.b4 Rb2 52.a3 Rg2 53.Rxh8 Rg3+ 54.Kd4 Rxa3 55.Rg8 h3 56.Bd3  1-0

[Event "Yerevan"]
[Site "Yerevan"]
[Date "1986.??.??"]
[Round "?"]
[White "Lputian, Smbat G"]
[Black "Romanishin, Oleg M"]
[Result "1-0"]
[WhiteElo "2545"]
[BlackElo "2560"]

1.d4 Nf6 2.c4 e6 3.Nf3 c5 4.d5 exd5 5.cxd5 d6 6.Nc3 g6 7.Bf4 a6 8.a4 Bg7
9.e4 Bg4 10.Be2 O-O 11.Nd2 Bxe2 12.Qxe2 Nh5 13.Be3 Nf6 14.g4 Nbd7 15.f3 b5
16.O-O b4 17.Nd1 a5 18.Ra2 Nb6 19.b3 Re8 20.Kh1 Rc8 21.Qb5 h5 22.g5 Nfd7
23.Qxa5 c4 24.Qxb4 c3 25.a5 Nxd5 26.exd5 c2 27.Ne4 f5 28.gxf6 Nxf6 29.Ndc3 Rxc3
30.Nxc3 Rxe3 31.Rxc2 Qd7 32.a6 Qh3 33.Rcf2  1-0

[Event "URS-FL"]
[Site "Lvov"]
[Date "1987.??.??"]
[Round "?"]
[White "Lputian, Smbat G"]
[Black "Romanishin, Oleg M"]
[Result "1/2-1/2"]
[WhiteElo "2540"]
[BlackElo "2555"]

1.d4 Nf6 2.c4 e6 3.Nf3 b6 4.Nc3 Bb7 5.Bg5 Be7 6.e3 O-O 7.Bd3 c5 8.O-O h6
9.Bh4 cxd4 10.Nxd4 Nc6 11.Nxc6 dxc6 12.Rc1 c5 13.Qe2 Qc7 14.Rcd1 Rfd8 15.Nb5 Qc6
16.f3 Qc8 17.Bb1 Bc6 18.Qc2 Qb7 19.e4 Ne8 20.Bg3 Rxd1 21.Rxd1 Rd8 22.Rxd8 Bxd8
23.e5 g6 24.Nd6 Qd7 25.Qd2 Bg5 26.Qe1 Be7 27.Qd2 Bg5 28.Bf4 Nxd6 29.exd6 Bf6
30.Qe2 Bd4+ 31.Kf1 Kg7 32.Be5+ Bxe5 33.Qxe5+ f6 34.Qf4 e5 35.Qd2 f5 36.h4 Kf6
37.Kg1 g5 38.a3 Qg7 39.b4 gxh4 40.bxc5 bxc5 41.Qf2 Qg3 42.Qxc5 Qe1+ 43.Kh2  1/2-1/2

[Event "URS-FL"]
[Site "Lvov"]
[Date "1987.??.??"]
[Round "?"]
[White "Lputian, Smbat G"]
[Black "Novikov, Igor A"]
[Result "1/2-1/2"]
[WhiteElo "2540"]
[BlackElo "2455"]

1.d4 d5 2.c4 c6 3.Nf3 Nf6 4.e3 Bf5 5.Nc3 e6 6.Bd3 Bxd3 7.Qxd3 Nbd7 8.O-O Be7
9.e4 dxe4 10.Nxe4 Nxe4 11.Qxe4 O-O 12.b3 Re8 13.Bb2 Qa5 14.Rfe1 Ba3 15.Bxa3 Qxa3
16.Ne5 Nxe5 17.Qxe5 Red8 18.h3 Qd6  1/2-1/2

[Event "URS-FL"]
[Site "Lvov"]
[Date "1987.??.??"]
[Round "?"]
[White "Lputian, Smbat G"]
[Black "Malisauskas, Vidmantas"]
[Result "0-1"]
[WhiteElo "2540"]
[BlackElo "2325"]

1.d4 Nf6 2.c4 e6 3.Nf3 b6 4.Nc3 Bb7 5.a3 d5 6.cxd5 Nxd5 7.Qc2 Be7 8.Bd2 Nd7
9.e4 Nxc3 10.Bxc3 O-O 11.Rd1 Qc8 12.Bd3 Ba6 13.O-O Bxd3 14.Qxd3 Qb7 15.Rfe1 Bf6
16.h4 Rfe8 17.Qd2 c5 18.e5 Be7 19.Qf4 a5 20.Ng5 Bxg5 21.Qxg5 b5 22.dxc5 Nxc5
23.Rd4 h6 24.Qg3 Kh8 25.Red1 Re7 26.Rd8+ Kh7 27.R8d4 Kh8 28.Rd8+ Kh7 29.R8d4  0-1

[Event "URS-FL"]
[Site "Lvov"]
[Date "1987.??.??"]
[Round "?"]
[White "Lputian, Smbat G"]
[Black "Chernin, Alexander"]
[Result "1/2-1/2"]
[WhiteElo "2540"]
[BlackElo "2580"]

1.d4 Nf6 2.c4 e6 3.Nf3 b6 4.Nc3 Bb7 5.a3 d5 6.cxd5 exd5 7.g3 Be7 8.Qa4+ c6
9.Bg2 O-O 10.Bf4 Nbd7 11.Rd1 c5 12.O-O a6 13.dxc5 bxc5 14.Qb3 Qb6 15.Nd2 c4
16.Qxb6 Nxb6 17.Be3 Nfd7 18.Ndb1 Nc5 19.Nxd5 Bxd5 20.Bxd5 Nxd5 21.Bxc5 Bxc5
22.Rxd5 Be7 23.Rc1 Rfb8 24.Rd2 Bf6 25.Nc3 Rb3 26.Na4 Rc8 27.Rdc2 g6 28.e3 Rcb8
29.Rxc4 Bxb2 30.Rc8+ Kg7 31.Rxb8 Rxb8 32.Nxb2 Rxb2 33.Rc6 h5 34.h4 a5 35.Rc5 Ra2
36.Rxa5 Kf6 37.Kg2 Ke6 38.e4 Kf6 39.Kf3 Ra1 40.Kf4 Ra2  1/2-1/2

[Event "Moscow-A"]
[Site "Moscow"]
[Date "1987.??.??"]
[Round "?"]
[White "Lputian, Smbat G"]
[Black "Vasiukov, Evgeni"]
[Result "1/2-1/2"]
[WhiteElo "2500"]
[BlackElo "2510"]

1.d4 d5 2.c4 e6 3.Nc3 Be7 4.cxd5 exd5 5.Bf4 Nf6 6.e3 O-O 7.Bd3 c5 8.dxc5 Bxc5
9.Nge2 Nc6 10.O-O Be6 11.Bg5 h6 12.Bh4 Qe7 13.Rc1 Rad8 14.Nb5 Bb6 15.Nbd4 Ne5
16.Bb1 Ng6 17.Bxf6 Qxf6 18.Nxe6 fxe6 19.Qd3 Ne7 20.b4 e5 21.a4 e4 22.Qb3 Qe5
23.g3 Kh8 24.a5 Bc7 25.f4 exf3 26.Qd3 g6 27.Nf4 Rf6 28.Rxf3 Bd6 29.Qb5 Qb2
30.Qf1 Rdf8 31.b5 g5 32.Nd3 Rxf3 33.Nxb2 Rxf1+ 34.Rxf1 Rxf1+ 35.Kxf1 Bc7
36.a6 bxa6 37.bxa6 Kg7 38.Ke2 Kf6 39.g4 Bb6 40.Nd3 d4  1/2-1/2

[Event "Moscow-A"]
[Site "Moscow"]
[Date "1987.??.??"]
[Round "?"]
[White "Lputian, Smbat G"]
[Black "Romanishin, Oleg M"]
[Result "1/2-1/2"]
[WhiteElo "2500"]
[BlackElo "2570"]

1.d4 Nf6 2.c4 e6 3.Nf3 c5 4.d5 exd5 5.cxd5 d6 6.Nc3 g6 7.Bf4 Bg7 8.e4 O-O
9.Nd2 Ng4 10.Be2 Ne5 11.O-O f5 12.g3 Na6 13.Nf3 Nxf3+ 14.Bxf3 g5 15.Bd2 f4
16.Kh1 Nb4 17.gxf4 gxf4 18.Rg1 Nd3 19.Rxg7+ Kxg7 20.Qg1+ Kh8 21.Nb5 Ne5 22.Bc3 Bh3
23.Bg4 Rg8 24.Bxh3 Rxg1+ 25.Rxg1 a6 26.Nxd6 Qxd6 27.Rg5 Re8 28.Be6 Rxe6 29.dxe6  1/2-1/2

[Event "Moscow-A"]
[Site "Moscow"]
[Date "1987.??.??"]
[Round "?"]
[White "Lputian, Smbat G"]
[Black "Razuvaev, Yuri S"]
[Result "1/2-1/2"]
[WhiteElo "2500"]
[BlackElo "2510"]

1.d4 Nf6 2.c4 e6 3.Nf3 Bb4+ 4.Nbd2 b6 5.a3 Bxd2+ 6.Bxd2 Bb7 7.Bg5 d6 8.e3 Nbd7
9.Bd3 h6 10.Bh4 g5 11.Bg3 h5 12.h3 h4 13.Bh2 Rg8 14.Qe2 Qe7 15.e4 g4 16.Nxh4 gxh3
17.gxh3 O-O-O 18.Nf3 e5 19.d5 Nh5 20.O-O-O Qf6 21.Rdg1 Rg6 22.h4 Rh8 23.Rg5 Kb8
24.Kb1 Bc8 25.Bc2 Qg7 26.Rhg1 Rhh6 27.Ka2 f6 28.Rxg6 Rxg6 29.Qd1 Nf8 30.Rxg6 Qxg6
31.c5 dxc5 32.d6 Be6+ 33.Ka1 Nd7  1/2-1/2

[Event "Moscow-A"]
[Site "Moscow"]
[Date "1987.??.??"]
[Round "?"]
[White "Lputian, Smbat G"]
[Black "Malaniuk, Vladimir P"]
[Result "1/2-1/2"]
[WhiteElo "2500"]
[BlackElo "2575"]

1.d4 Nf6 2.c4 e5 3.dxe5 Ng4 4.Nf3 Bc5 5.e3 Nc6 6.Be2 Ncxe5 7.O-O Nxf3+ 8.Bxf3 Ne5
9.Nc3 O-O 10.b3 Nxf3+ 11.Qxf3 Re8 12.Bb2 Re6 13.Rad1 Bf8 14.Rd5 d6 15.Rf5 Rg6
16.Rf4 c6 17.Rd1 Be6 18.Rfd4 Qa5 19.h3 a6 20.R4d2 Rf6 21.Qe2 Rg6 22.Qf3 Rf6
23.Qe2 Rg6 24.Qf3  1/2-1/2

[Event "Moscow-A"]
[Site "Moscow"]
[Date "1987.??.??"]
[Round "?"]
[White "Lputian, Smbat G"]
[Black "Gurevich, Mikhail"]
[Result "1/2-1/2"]
[WhiteElo "2500"]
[BlackElo "2540"]

1.d4 Nf6 2.c4 e6 3.Nf3 b6 4.Nc3 Bb7 5.a3 d5 6.Qa4+ Nbd7 7.cxd5 Nxd5 8.Nxd5 Bxd5
9.Bg5 Be7 10.Bxe7 Qxe7 11.Rc1 Qd6 12.Ne5 a6 13.Nc4 Bxc4 14.Qxc4 c5 15.dxc5 Qxc5
16.Qxc5 Nxc5 17.b4 Nd7 18.e3 Ke7 19.Bd3 a5 20.Bb5 axb4 21.axb4 Rhc8 22.O-O Nf6
23.Bc6 Ra7 24.b5 Ng4 25.Rc2 Rd8 26.h3 Ne5 27.f4 Nd3 28.Rd1 Nb4 29.Rxd8 Kxd8
30.Rc4 Nxc6 31.Rxc6 Ra5 32.Rxb6 Kc7 33.Rc6+ Kb7 34.Rc5 Kb6 35.Rc6+ Kb7 36.Rd6 Kc7
37.Rc6+ Kb7  1/2-1/2

[Event "Moscow-A"]
[Site "Moscow"]
[Date "1987.??.??"]
[Round "?"]
[White "Lputian, Smbat G"]
[Black "Dolmatov, Sergey"]
[Result "1-0"]
[WhiteElo "2500"]
[BlackElo "2515"]

1.d4 Nf6 2.c4 e6 3.Nf3 b6 4.Nc3 Bb4 5.Bg5 Bb7 6.e3 h6 7.Bh4 Bxc3+ 8.bxc3 d6
9.Nd2 Nbd7 10.f3 Qe7 11.Qa4 e5 12.e4 O-O 13.Be2 Qe6 14.O-O Nh5 15.Rfe1 Kh8
16.Nf1 Nf4 17.Ne3 Nxe2+ 18.Rxe2 Rfc8 19.Bg3 Nf8 20.c5 a5 21.d5 Qf6 22.Rb2 Qd8
23.Nc4 Ba6 24.cxb6 Rcb8 25.Nxa5 Rxb6 26.Nc6 Qc8 27.Qc2 Bb5 28.Nb4 Ba4 29.Qd2 Nd7
30.Rab1 Rbb8 31.c4 Qf8 32.Nd3 Rxb2 33.Rxb2 f5 34.c5 c6 35.dxc6 Bxc6 36.Nb4 Rc8
37.Qxd6 fxe4 38.Qxf8+ Nxf8 39.Nxc6 Rxc6 40.Rb8 Kg8 41.Bxe5 Kf7 42.Rb7+ Ke6
43.Bxg7 Nd7 44.fxe4 Nxc5 45.Rb1 Nxe4 46.Bxh6 Rc2  1-0

[Event "Moscow-A"]
[Site "Moscow"]
[Date "1987.??.??"]
[Round "?"]
[White "Geller, Efim P"]
[Black "Lputian, Smbat G"]
[Result "1/2-1/2"]
[WhiteElo "2500"]
[BlackElo "2500"]

1.e4 c5 2.Nf3 Nc6 3.d4 cxd4 4.Nxd4 e5 5.Nb5 d6 6.c4 Be7 7.N1c3 a6 8.Na3 h6
9.Nc2 Be6 10.Be2 Bg5 11.O-O Nge7 12.Qd3 Ng6 13.g3 Bxc1 14.Raxc1 Qg5 15.Nd5 Bxd5
16.cxd5 Nf4 17.Qe3 Ne7 18.Bf3 Rc8 19.h4 Qg6 20.Kh2 Nfxd5 21.Qb3 Nc7 22.Qxb7 Ne6
23.Ne3 Nc5 24.Rxc5 Rxc5 25.Bg4 O-O 26.Qxe7 Qxe4 27.Qxd6 Qd4 28.Rd1 Qxd6 29.Rxd6 Ra5
30.a3 Rb8 31.Kg2 Ra4 32.Bd1 Rd4 33.Rxa6 Rxb2 34.Ra8+ Kh7 35.Bc2+ g6 36.h5 e4
37.Re8 Rd2 38.hxg6+ fxg6 39.Re7+ Kh8 40.Rc7 Ra2 41.a4 h5 42.Kf1 Ra1+ 43.Kg2 Ra2
44.Rc6 Kg7 45.a5 Ra3 46.Nf1 Re2 47.a6 Rf3 48.a7 Rfxf2+ 49.Kh3 Rxf1 50.Bxe4 Rff2
51.Rxg6+ Kf7 52.g4 Rh2+ 53.Kg3 h4+ 54.Kf4 Rxe4+ 55.Kxe4 Ra2 56.Rh6  1/2-1/2